000 01153cam a22003497a 4500
003 CHAP
005 20220329134500.0
008 971013s1983 r 00010 d
010 _a21037
011 _a22009
035 _a26101
040 _cCHAP
090 _aFolleto 8368
100 0 0 _aBono Ubeda, R.
_913745
245 1 4 _aLas clementinas Arrufatina, Esbal, Guillermina y Hernandina
260 _aMadrid :
_bInstituto Nacional de Investigaciones Agrarias,
_c1983
300 _a25 p.
490 0 _aINIA. España. Hoja técnica
_v; 49
590 _aBATCH-UPD
_b10
_c20130110
_lUCH01
_h0933
590 _aBATCH-UPD
_b10
_c20130410
_lUCH01
_h0551
590 _aBATCH-UPD
_b10
_c20130914
_lUCH01
_h0958
590 _aCONVERSION
_b10
_c20130109
_lUCH01
_h1312
650 1 4 _aCítricos
_xGenética.
_924434
650 1 4 _aCítricos
_xInjertos.
_924440
650 1 4 _aCitrus clementina.
_923501
650 1 4 _aMutación en plantas.
_979907
830 0 _aINIA. España. Hoja técnica
_v; 49
_958457
901 _aBK
942 _cFOLL
949 _aFolleto 8368
_bBC
_cFOLL
_d-60292
_eTS1
_i26101
_si
949 _aFolleto 8368
_bBC
_cFOLL
_d-60293
_eTS2
_fc.2
_i26101
_si
999 _c21037
_d21037